000 00541nam a2200193Ia 4500
005 20250326140721.0
008 250326s9999 xx 000 0 und d
020 _a81-7224-408-8
037 _aTextbook
040 _aFMSL
_beng
_cFMSL
041 _aeng
_2eng
084 _aX:81 N5
_qFMSL
100 _aMcalindon H R, Ed.
_9742905
245 0 _aEffective creativity
_cMcalindon H R, Ed.
260 _aBombay
_bBombay, Jaico Publication House
_c1995
300 _axvi,383
942 _cTB
_hX:81 N5
999 _c1286995
_d1286995